000 00902nam a2200361Ia 4500
008 210210b1988 xxu||||| |||| 00| 0 eng d
082 _a591.5 ILLU
100 _a-
245 _aILLUSTRATED ENCYCLOPEDIA of wildlife. 52V: V21: Birds.
_bNight Jars Frogmouths Swifts Hummingbirds Trogons Mousebirds Kingfishers Bee eaters Hornbills
260 _aLondon
_bOrbis Publishing Ltd.,
_c1988
300 _a1201-1260
440 _a21
650 _awildlife.
650 _aV21:
650 _aTrogons
650 _aSwifts
650 _aof
650 _aNight
650 _aMousebirds
650 _aKingfishers
650 _aJars
650 _aILLUSTRATED
650 _aHummingbirds
650 _aHornbills
650 _aFrogmouths
650 _aENCYCLOPEDIA
650 _aeaters
650 _aBirds.
650 _aBee
650 _a52V:
690 _aZoology
906 _a054344
999 _c102029
_d102029